00542nam a2200205Ia 4500008004100000020001800041050001400059100002000073245002900093245003400122245005500156260001500211260001600226260000900242300001400251300002700265300001000292440002600302500000800328170918s9999 xx 000 0 und d a9780590371282 bS341 1998 aSchlein, Miriam aWhat the dinosaurs saw : banimals living then and now / cby Miriam Schlein ; illustrated by Carol Schwarts. aNew York : bScholastic, c1998 aunpaged : bcolored illustration ; c23cm. aHello science reader! a480